Regional seminar workshop on livestock based sustainable farming systems in the lower Mekong basin

Saved in:
Bibliographic Details
Format: Book
Language:Undetermined
Subjects:
Tags: Add Tag
No Tags, Be the first to tag this record!
Institutions: Trung tâm Học liệu Trường Đại học Cần Thơ
LEADER 00388nam a2200121Ia 4500
001 CTU_125818
008 210402s9999 xx 000 0 und d
082 |a 636 
082 |b R336 
245 0 |a Regional seminar workshop on livestock based sustainable farming systems in the lower Mekong basin 
650 |a Livestock 
904 |i Truc 
980 |a Trung tâm Học liệu Trường Đại học Cần Thơ